Guía de Pastoral vocacional / (Record no. 76591)

MARC details
000 -LEADER
campo de control de longitud fija 00830nam a2200241 i 4500
001 - NÚMERO DE CONTROL
campo de control 76591
003 - IDENTIFICADOR DE NÚMERO DE CONTROL
campo de control ES-MaACL
005 - FECHA Y HORA DE LA ÚLTIMA TRANSACCIÓN
campo de control 20230906172905.0
007 - CAMPO FIJO DE DESCRIPCIÓN FÍSICA--INFORMACIÓN GENERAL
campo de control de longitud fija t|
008 - DATOS DE LONGITUD FIJA--INFORMACIÓN GENERAL
campo de control de longitud fija 041004s1967 sp ||||1| spa d
245 00 - MENCIÓN DEL TÍTULO
Título Guía de Pastoral vocacional /
Mención de responsabilidad, etc. [traducción de Jorge Sans Vila, María Teresa San Martín y María Jesús López de Pinedo].
260 ## - PUBLICACIÓN, DISTRIBUCIÓN, ETC.
Lugar de publicación, distribución, etc. Salamanca :
Nombre del editor, distribuidor, etc. Sígueme,
Fecha de publicación, distribución, etc. 1967.
300 ## - DESCRIPCIÓN FÍSICA
Extensión 182 p. ;
Dimensiones 19 cm.
490 1# - MENCIÓN DE SERIE
Mención de serie Hinneni ;
Designación de volumen o secuencia 66
500 ## - NOTA GENERAL
Nota general Precede al tit.: Centro Nacional de Vocaciones. París.
700 1# - ENTRADA AGREGADA--NOMBRE PERSONAL
Nombre de persona Sans Vila, Jorge.
9 (RLIN) 103212
700 1# - ENTRADA AGREGADA--NOMBRE PERSONAL
Nombre de persona San Martín, M. T.
9 (RLIN) 102264
700 1# - ENTRADA AGREGADA--NOMBRE PERSONAL
Nombre de persona López de Pinedo, María Jesús.
9 (RLIN) 73579
710 2# - ENTRADA AGREGADA--NOMBRE DE ENTIDAD CORPORATIVA
Nombre de entidad corporativa o nombre de jurisdicción como elemento de entrada Centro Nacional de Vocaciones (París)
9 (RLIN) 2769
830 0# - PUNTO DE ACCESO ADICIONAL DE SERIE-TÍTULO UNIFORME
Título uniforme Hinneni ;
Designación de volumen o secuencia 66
9 (RLIN) 180790
852 ## - LOCALIZACIÓN
Ubicación ES-MaACL
Número de control de estantería C-31671
Sublocalización o colección R.62382
Holdings
Estatus retirado Estado de pérdida Estado de daño No para préstamo Biblioteca de origen Biblioteca actual Ubicación en estantería Fecha de adquisición Fuente de adquisición Total de préstamos Signatura topográfica completa Código de barras Visto por última vez Precio de reemplazo Tipo de ítem Koha
        Biblioteca del Ateneo de Madrid Biblioteca del Ateneo de Madrid Depósito 2 17/01/2008     C-31671 1080146 23/02/2023 23/02/2023 Libro impreso